000 00881cam a2200289 a 4500
001 45081
003 OSt
005 20160411124117.0
008 110916s2011 ohua b 001 0 eng
020 _a9781111221362 (hbk.)
020 _a1111221367 (hbk.)
040 _aDLC
_cDLC
042 _apcc
050 0 0 _aHD31
_b.K693 2011
082 _a658.8 KRE (45081)
100 1 _aKreitner, Robert.
245 1 0 _aManagement /
_cRobert Kreitner, Carlene M. Cassidy.
250 _a12th ed.
260 _aMason, OH :
_bSouth-Western Cengage,
_cc2011.
300 _axxviii. (various pagings) :
_bill. ;
_c26 cm.
504 _aIncludes bibliographical references and indexes.
650 0 _aManagement.
700 1 _aCassidy, Carlene.
906 _a7
_bcbc
_corignew
_d3
_eepcn
_f20
_gy-gencatlg
942 _2ddc
_cBK
999 _c6083
_d6083